00812nam a22001697a 450000500170000000800400001702000150005705000260007210000270009824501030012525000110022826001700023930000210040950400550043065000740048565000830055920150124121513.0101029t mx||||| |||| 00| 0 spa d a970983605604aKGF7790 .2 bM37 20081 aMarín Tello, Isabel.10aDelitos, pecados y castigos :bJusticia penal y orden social, 1750-1810/cMa. Isabel Marín Tello a1a ed. aMorelia, Michoacán de Ocampo, México :bUniversidad Michoacana de San Nicolás de Hidalgo, Secretaria de Difusión Cultural y Extesión Universitaria, c2008. a335 p. ;c22 cm. aIncluye índice y bibliografía ; b(p. 315-334) 72LEMBaTransgresionesxDerecho penalzMichoacán de Ocampo, México  42LEMBaProceso judicial xHistoriay1750-1810zMichoacán de Ocampo, México